| 000 | 00926nam a2200253Ia 4500 | ||
|---|---|---|---|
| 003 | OSt | ||
| 005 | 20220923224847.0 | ||
| 006 | a|||||r|||| 00| 0 | ||
| 007 | ta | ||
| 008 | 220922b |||||||| |||| 00| 0 hin d | ||
| 024 | _a252,541 | ||
| 037 | _cTextual | ||
| 040 |
_aARTS _cARTS _bhin |
||
| 041 |
_2hin _ahin |
||
| 082 | _aO152,2:g, M7 | ||
| 100 |
_aशर्मा 'प्रकाश', ओमप्रकाश _9162098 |
||
| 245 | 0 |
_aनाटकीय तत्व _b व्याख्या और व्याप्ति |
|
| 246 | _aNāṭakīya tatva: vyākhyā aur vyāpti | ||
| 260 |
_aदिल्ली _b पांडुलिपि प्रकाशन _c1987 |
||
| 300 |
_a48पृ. _ccm. |
||
| 650 |
_aहिन्दी साहित्य _9156264 |
||
| 942 |
_hO152,2:g, M7 _cTEXL _2CC |
||
| 999 |
_c374185 _d374185 |
||